| 000 | 00631nam a22001577a 4500 | ||
|---|---|---|---|
| 003 | OSt | ||
| 005 | 20151206093836.0 | ||
| 008 | 151206b xxu||||| |||| 00| 0 eng d | ||
| 040 | _cRUA | ||
| 082 | _aATM សំ 1989 B188 Or.1 | ||
| 100 |
_94371 _aសំ វណ្ណដា |
||
| 245 | _aការរៀបចំជួសជុលនិងបច្ចេកទេសថែទាំត្រាក់ទ័រនៅខេត្តកំពង់ឆ្នាំ និងការតំឡើងម៉ាស៊ីនផ្សារទំនើប | ||
| 260 |
_aPhnom Penh _bRUA _c1998 |
||
| 300 |
_a87p. _bill. _c29cm. |
||
| 942 |
_2ddc _cATM |
||
| 999 |
_c4069 _d4069 |
||